000 01395nam a2200289 a 4500
005 20150827151743.0
008 140122b2002 ck ||||| |||| 00| 0 spa d
041 _aspa
044 _ack
090 _aIAvH
_b00231
100 _aEspinosa, Rocío
_94657
245 _aEcología del periquito frentirrufo (Bolborhynchus ferrugineifrons) en el Parque Nacional Los Nevados
260 _aBogotá
_bCenicafé
_c2002
300 _a18 p.
520 _aSe busca obtener información básica sobre la ecología del Periquito Frentirrufo y formular recomendaciones para la conservación de la especie en regiones cercanas a la laguna del Otún, en el Parque Nacional de los Nevados, mediante el estudio de las poblaciones, ecología, comportamiento reproductivo de la especie y la formulación de recomendaciones para su conservación en la región. Se plantea la necesidad de emprender investigaciones que permitan mayores conocimientos sobre la especie y su protección
650 _aAves endémicas
_94651
650 _aRiesgo de extinción
_94658
650 _aEcología de la especie
_94659
650 _aConservación
_926969
700 _aAristizábal, Cristina
_94660
700 _aBotero, Jorge E.
_94510
700 _aRoncancio, Néstor
_94661
700 _aPfeifer, Ana M.
_94662
700 _94655
_aVerhelst, Juan Carlos
700 _94656
_aOrrego Santa, Oscar
942 _cINFORME
_2z
999 _c3024
_d3024